| 000 | 00705nam a22001937a 4500 | ||
|---|---|---|---|
| 010 | _a511965 | ||
| 035 | _a511965 | ||
| 037 | _bCen Lib / Ret | ||
| 040 |
_aDPL _bEn |
||
| 082 |
_a013 _bDAS |
||
| 100 | _aDas Gupta, A. K. | ||
| 245 |
_aAn essay in personal bibliography : _ba bibliography of the writings on and by Dr S.R. Ranganathan / _cby A. K. Das Gupta |
||
| 260 |
_aBombay _bAsia Publihsing House _c1967 |
||
| 270 |
_aAsia Publihsing House _bBombay |
||
| 300 |
_a(v 2. 404p) _c27cm(Hb) |
||
| 650 | _aRanganathan, S. R. -- (Shiyali Ramamrita), -- 1892-1972 -- Bibliography. | ||
| 650 | _aRanganathan, S. R. -- (Shiyali Ramamrita), -- 1892-1972 | ||
| 942 |
_2ddc _cEN _h013 _mDAS |
||
| 999 |
_c137024 _d137024 |
||